Estadísticas para Todos los ganadores de un mundial

Haz click aquí para intentar la prueba.

Estadísticas generales

  • Esta prueba ha sido intentada 337 veces
  • La puntuación promedio es 8 de 8

Estadísticas de respuestas

Año GanadoTotal GanadosPais% Correcto
1954, 1974, 1990 y 20144Alemania
100%
1958, 1962, 1970, 1994 y 20025Brasil
100%
20101España
100%
1998 y 20182Francia
100%
1978 y 19862Argentina
99%
1934, 1938, 1982 y 20064Italia
99%
1930 y 19502Uruguay
98%
19661Inglaterra
94%

Distribución de puntuación

Porcentaje por número respondido

Porcentaje de gente con cada puntuación

Historial de tus puntuaciones

No has intentado esta prueba.